000 00271 a2200121 4500
001 146528
040 _cEscola São Tomás de Aquino
100 _aROCHA, Ruth
240 1 0 _aA arca de Noé
_lpor
245 1 0 _aA arca de Noé
697 _a*LITERATURA INFANTO
942 _cBK
999 _c146528
_d146528